| 000 | 01207nam a2200337Ia 4500 | ||
|---|---|---|---|
| 001 | ebr10233261 | ||
| 003 | CaPaEBR | ||
| 006 | m u | ||
| 007 | cr cn||||||||| | ||
| 008 | 080131s2008 inua s 001 0 eng d | ||
| 010 | _z 2008004981 | ||
| 020 | _z0470289619 (pbk.) | ||
| 020 | _z9780470289617 (pbk.) | ||
| 040 |
_aCaPaEBR _cCaPaEBR |
||
| 035 | _a(OCoLC)243468237 | ||
| 050 | 1 | 4 |
_aTK7868.D5 _bK92 2008eb |
| 082 | 0 | 4 |
_a621.381 _222 |
| 100 | 1 | _aKybett, Harry. | |
| 245 | 1 | 0 |
_aAll new electronics self-teaching guide _h[electronic resource] / _cHarry Kybett and Earl Boysen. |
| 250 | _a3rd ed. | ||
| 260 |
_aIndianapolis, IN : _bWiley Pub., _c2008. |
||
| 300 |
_axxi, 426 p. : _bill. |
||
| 500 | _aIncludes index. | ||
| 533 |
_aElectronic reproduction. _bPalo Alto, Calif. : _cebrary, _d2009. _nAvailable via World Wide Web. _nAccess may be limited to ebrary affiliated libraries. |
||
| 650 | 0 | _aDigital electronics. | |
| 650 | 0 | _aElectronic systems. | |
| 655 | 7 |
_aElectronic books. _2local |
|
| 700 | 1 | _aBoysen, Earl. | |
| 710 | 2 | _aebrary, Inc. | |
| 856 | 4 | 0 |
_uhttp://site.ebrary.com/lib/rucke/Doc?id=10233261 _zAn electronic book accessible through the World Wide Web; click to view |
| 999 |
_c38090 _d38090 |
||